000 00582nam a2200181Ia 4500
008 090123s9999 xx 000 0 und d
082 _b10277
100 _aबेनकनहक्की जी. नायक
245 _aनिरिक्षे
250 _a1
260 _bवर्धमान प्रकाशन
_c1983
300 _a139
600 _aबेनकनहक्की जी. नायक
630 _aनिरिक्षे
700 _aबेनकनहक्की जी. नायक
730 _aनिरिक्षे
942 _cBOOK
999 _c48343
_d48343